000 00636nam a2200229Ia 4500
003 OSt
005 20221007082125.0
006 a|||||r|||| 00| 0
007 ta
008 221006b |||||||| |||| 00| 0 eng d
024 _a14,082
037 _cTextual
040 _aFLL
_cFLL
_beng
041 _2eng
_aeng
082 _aX.5:Z1C, G8
100 _aRitchie H. Au.
_9698787
245 0 _aNavicert system during the world war
260 _aWashington
_bCarnegie endowment for international peace U.S.A.
_c1938
300 _a83p
_ccm.
942 _hX.5:Z1C, G8
_cTEXL
_2CC
999 _c1165374
_d1165374